00702 2200265 4500001002100000005001500021035002500036090001800061245006300079260003900142300002900181008004100210082001400251084001600265100001900281250001600300650001300316650001500329500003100344040001700375850001200392041000800404990001200412990001200424YOGYA00000000004821320181015104613 a0010-081400000047931 aL 370.1 GUN v1 aVerzamelde paedagogische opstellen /cdoor J.H. Gunning Wz3 aAmsterdam :bS. L. Van Looy,c1917 aXI, 298 halaman ;c24 cm181015 g 0 dut 04223a370.1 a370.1 GUN v1 aGunning, J. H. aTweede dell 4aPedagogi 4aPendidikan ayang diterima jilid 2 1917 aYOPDYOGbind aYOPDYOG0 adut a49348-a a49348-a